000 00300nam a22001337a 4500
008 170801b xxu||||| |||| 00| 0 eng d
020 _a9780596002138
041 _aeng
080 _a004
100 _a32
101 _aSHK
245 _aUNDERSTANDING THE LINUX KERNEL
_cBOVET,D.P
942 _2udc
_cBK
999 _c22375
_d22375